000 01081nam0a22002411i 4500
001 rc\3786199
005 20240726082928.0
021 _aRU
_b[75-13726а]
035 _a(NLR Aleph) 007234124
090 _a7736598
_c7736598
100 _a20120207d1975 |||y0rusy50 ca
101 0 _arus
102 _aRU
105 _aa d |||||
200 1 _aОпыт применения количественных методов для анализа ландшафтной структуры
_e(На примере Предмалокавказ. наклонных равнин Курин. межгорной впадины)
_eАвтореф. дис. на соиск. учен. степени канд. геогр. наук
_e(11.00.01)
_fАзерб. гос. ун-т им. С.М. Кирова
210 _aБаку
_d1975
215 _a28 с.
_cсхем.
320 _aСписок работ авт.: с. 28 (5 назв.)
700 1 _aСередова
_bР.В.
_gРоза Васильевна
801 0 _aRU
_bNLR
_gpsbo
801 1 _aRU
_bELAR
_2rusmarc
852 _aNLR
_j75-4/15767
942 _cBOOK